Municipalities of South Carolina Counties- Lexington - Statistics

General Stats
  • This quiz has been taken 18 times
  • The average score is 8 of 15
Answer Stats
Population (2020) Municipality % Correct
23,568 Lexington
93%
13,781 Cayce
87%
17,416 West Columbia
87%
1,809 Chapin
60%
136,632 Columbia
60%
1,608 Gaston
60%
11,569 Irmo
60%
5,270 Batesburg-Leesville
53%
2,377 South Congaree
53%
571 Gilbert
47%
631 Pelion
47%
2,744 Springdale
33%
722 Swansea
33%
2,167 Pine Ridge
27%
423 Summit
27%
No matching quizzes found
Score Distribution
Percent of People with Each Score
Percentile by Number Answered
Your Score History
You have not taken this quiz